History of Brazil /
Gespeichert in:
| Körperschaft: | |
|---|---|
| Format: | Unbekannt |
| Sprache: | Spanish |
| Veröffentlicht: |
Estados Unidos :
La Universidad,
[fecha de publicación no identificada].
|
| Schlagworte: | |
| Tags: |
Tag hinzufügen
Keine Tags, Fügen Sie den ersten Tag hinzu!
|
MARC
| LEADER | 000000000a22000000004500 | ||
|---|---|---|---|
| 001 | 015699 | ||
| 041 | 0 | |a spa | |
| 082 | 0 | 4 | |a 981.03 |b B586h |
| 110 | 2 | |a University of New Mexico | |
| 245 | 1 | 0 | |a History of Brazil / |c University of New Mexico. |
| 260 | 1 | |a Estados Unidos : |b La Universidad, |c [fecha de publicación no identificada]. | |
| 300 | |a 177 páginas | ||
| 650 | 4 | |a BRASIL | |
| 650 | 4 | |a HISTORIA | |
| 999 | |c 21539 |d 21539 | ||
| 942 | |c BK |h 981.03 B586h |2 z | ||
